[Event "Warsaw Szansa rapid op"]
[Site "Warsaw"]
[Date "2023.09.17"]
[Round "3"]
[White "Kopczynski, Michal"]
[Black "Wydmanski, Szymon"]
[Result "1-0"]
[WhiteElo "2225"]
[BlackElo "1918"]
[PlyCount "27"]
[EventDate "2023.09.17"]
[EventType "swiss (rapid)"]
[EventRounds "9"]
[EventCountry "POL"]
[SourceTitle "EXT 2024"]
[Source "ChessBase"]
[SourceDate "2023.10.10"]
[SourceVersion "1"]
[SourceVersionDate "2023.10.10"]
[SourceQuality "1"]

1. e4 c5 2. d4 cxd4 3. c3 e5 4. cxd4 exd4 5. f4 Nc6 6. Nf3 Bc5 7. Bd3 Nf6 8. 0-0 0-0 9. e5 Nd5 10. Bxh7+ Kxh7 11. Ng5+ Qxg5 12. fxg5 Nxe5 13. Qc2+ d3+ 14. Qxc5 1-0

[Event "POL-ch Rapid U18"]
[Site "Bydgoszcz"]
[Date "2023.08.29"]
[Round "3"]
[White "Ugorek, Kacper"]
[Black "Wydmanski, Szymon"]
[Result "1/2-1/2"]
[WhiteElo "1945"]
[BlackElo "1778"]
[PlyCount "47"]
[EventDate "2023.08.28"]
[EventType "swiss"]
[EventRounds "11"]
[EventCountry "POL"]
[SourceTitle "EXT 2024"]
[Source "ChessBase"]
[SourceDate "2023.10.10"]
[SourceVersion "1"]
[SourceVersionDate "2023.10.10"]
[SourceQuality "1"]

1. d4 Nf6 2. c4 c5 3. Nf3 cxd4 4. Nxd4 e5 5. Nc2 d5 6. cxd5 Nxd5 7. e4 Nb4 8. Qxd8+ Kxd8 9. Nxb4 Bxb4+ 10. Bd2 Nc6 11. Bc4 Be6 12. Bxe6 fxe6 13. 0-0 Bxd2 14. Nxd2 Ke7 15. Nb3 a5 16. Rfd1 a4 17. Nd2 Nd4 18. Nf3 Nxf3+ 19. gxf3 Rhd8 20. Rxd8 Rxd8 21. Rc1 b6 22. Rc6 Rd6 23. Rc7+ Rd7 24. Rc6 1/2-1/2

[Event "EU-ch Blitz"]
[Site "Katowice"]
[Date "2022.12.16"]
[Round "2"]
[White "Gavrilescu, David"]
[Black "Wydmanski, Szymon"]
[Result "1-0"]
[WhiteElo "2522"]
[BlackElo "1821"]
[PlyCount "53"]
[EventDate "2022.12.16"]
[EventType "swiss (blitz)"]
[EventRounds "22"]
[EventCountry "POL"]
[SourceTitle "CBM 211 Extra"]
[Source "ChessBase"]
[SourceDate "2023.01.31"]
[SourceVersion "1"]
[SourceVersionDate "2023.01.31"]
[SourceQuality "1"]

1. e4 c5 2. Nf3 d6 3. d4 cxd4 4. Qxd4 Nc6 5. Bb5 Bd7 6. Bxc6 Bxc6 7. Nc3 e5 8. Qd3 h6 9. 0-0 Nf6 10. Rd1 a6 11. a4 Be7 12. Nd2 Qc7 13. Nc4 Rd8 14. Ne3 0-0 15. Bd2 b5 16. axb5 axb5 17. Ncd5 Nxd5 18. exd5 Bd7 19. Ba5 Qc8 20. Bxd8 Qxd8 21. Nf5 g6 22. Nxe7+ Qxe7 23. Ra7 Qe8 24. Qa3 Bg4 25. Re1 Qb8 26. c3 Qb6 27. Ra6 1-0

[Event "Krakow Malopolski Cup"]
[Site "Krakow"]
[Date "2022.08.08"]
[Round "7"]
[White "Wydmanski, Szymon"]
[Black "Darda, Roman"]
[Result "0-1"]
[WhiteElo "1788"]
[BlackElo "1955"]
[PlyCount "68"]
[EventDate "2022.08.04"]
[EventType "swiss"]
[EventRounds "9"]
[EventCountry "POL"]
[SourceTitle "CBM 209 Extra"]
[Source "ChessBase"]
[SourceDate "2022.09.30"]
[SourceVersion "1"]
[SourceVersionDate "2022.09.30"]
[SourceQuality "1"]

1. e4 Nf6 2. e5 Nd5 3. d4 d6 4. Nf3 Bg4 5. c4 Nb6 6. h3 Bh5 7. e6 fxe6 8. g4 Bf7 9. Nc3 Nc6 10. a3 e5 11. d5 Nb8 12. Ng5 Bg8 13. Bd3 g6 14. Qf3 N8d7 15. Ne6 e4 16. Qxe4 Bxe6 17. dxe6 Ne5 18. Bc2 Bg7 19. f4 Nexc4 20. f5 d5 21. Qe2 g5 22. Bxg5 c6 23. 0-0 Nxb2 24. f6 exf6 25. Bc1 N2c4 26. g5 Qe7 27. Qh5+ Kd8 28. gxf6 Bxf6 29. Rxf6 Qxf6 30. Bg5 Rg8 31. e7+ Kc7 32. e8N+ Raxe8 33. Qxh7+ Nd7 34. h4 Qxc3 0-1

[Event "Krakow Malopolski Cup"]
[Site "Krakow"]
[Date "2022.08.04"]
[Round "1"]
[White "Przybys, Bruno"]
[Black "Wydmanski, Szymon"]
[Result "1-0"]
[WhiteElo "1290"]
[BlackElo "1788"]
[PlyCount "69"]
[EventDate "2022.08.04"]
[EventType "swiss"]
[EventRounds "9"]
[EventCountry "POL"]
[SourceTitle "CBM 209 Extra"]
[Source "ChessBase"]
[SourceDate "2022.09.30"]
[SourceVersion "1"]
[SourceVersionDate "2022.09.30"]
[SourceQuality "1"]

1. e4 c5 2. Nf3 d6 3. Bb5+ Nd7 4. e5 e6 5. exd6 Bxd6 6. d4 a6 7. Bxd7+ Bxd7 8. Be3 Qc7 9. Nc3 Nf6 10. h3 0-0 11. 0-0 b5 12. Bg5 b4 13. Ne2 Ne4 14. dxc5 Nxg5 15. Nxg5 Bxc5 16. Qd3 f5 17. Rfd1 Rad8 18. Qxa6 Bc8 19. Rxd8 Bxa6 20. Rxf8+ Bxf8 21. Nxe6 Qxc2 22. N2f4 Bc4 23. Ng5 h6 24. Nf3 Bc5 25. b3 Qxf2+ 26. Kh1 Ba6 27. Rd1 g5 28. Rd8+ Bf8 29. Ne6 Bf1 30. Rxf8+ Kh7 31. Rf7+ Kg6 32. Ne5+ Kh5 33. Ng7+ Kh4 34. Ng6+ Kg3 35. Nh5# 1-0

[Event "Krakow Malopolski Cup"]
[Site "Krakow"]
[Date "2022.08.04"]
[Round "2"]
[White "Wydmanski, Szymon"]
[Black "Morczynski, Joachim"]
[Result "1-0"]
[WhiteElo "1788"]
[BlackElo "1706"]
[PlyCount "61"]
[EventDate "2022.08.04"]
[EventType "swiss"]
[EventRounds "9"]
[EventCountry "POL"]
[SourceTitle "CBM 209 Extra"]
[Source "ChessBase"]
[SourceDate "2022.09.30"]
[SourceVersion "1"]
[SourceVersionDate "2022.09.30"]
[SourceQuality "1"]

1. e4 c5 2. Nf3 Nc6 3. d4 cxd4 4. Nxd4 Nf6 5. Nc3 e5 6. Ndb5 h6 7. Nd6+ Bxd6 8. Qxd6 Qe7 9. Qxe7+ Kxe7 10. b3 d6 11. Ba3 a6 12. 0-0-0 Rd8 13. Nd5+ Nxd5 14. exd5 Nd4 15. f4 Bg4 16. Re1 Rac8 17. fxe5 Nxc2 18. exd6+ Kf6 19. Bb2+ Kg5 20. Re5+ Bf5 21. Rxf5+ Kxf5 22. Bd3+ Kg5 23. Bxc2 Rxd6 24. Rd1 f5 25. Ba3 Rd7 26. d6 Re8 27. Rd5 g6 28. Kd2 Re6 29. Bd1 Kh4 30. Bf3 f4 31. Bc5 1-0

[Event "POL-ch U16"]
[Site "Sypniewo"]
[Date "2022.03.20"]
[Round "2"]
[White "Bajer, Tomasz"]
[Black "Wydmanski, Szymon"]
[Result "1-0"]
[WhiteElo "1460"]
[BlackElo "1756"]
[PlyCount "95"]
[EventDate "2022.03.19"]
[EventType "swiss"]
[EventRounds "9"]
[EventCountry "POL"]
[SourceTitle "CBM 207 Extra"]
[Source "ChessBase"]
[SourceDate "2022.05.31"]
[SourceVersion "1"]
[SourceVersionDate "2022.05.31"]
[SourceQuality "1"]

1. Nf3 c5 2. g3 g6 3. Bg2 Bg7 4. 0-0 Nc6 5. d3 e5 6. c4 Nge7 7. Nc3 0-0 8. Ne1 a6 9. Nc2 Rb8 10. Rb1 b5 11. Ne3 Kh8 12. Bd2 b4 13. Ncd5 f5 14. f4 Bb7 15. a3 a5 16. Qc2 Re8 17. Nxe7 Nxe7 18. Nd5 Nxd5 19. cxd5 Qb6 20. Kh1 Qd6 21. e4 Ba6 22. Rbd1 fxe4 23. Bxe4 Rbc8 24. axb4 axb4 25. b3 Bb7 26. Qc4 Ba6 27. Qc2 Bb7 28. Qc4 Ra8 29. Be3 Rec8 30. f5 Ra2 31. fxg6 Re2 32. Rde1 Rxe1 33. Rxe1 hxg6 34. Rc1 Qf8 35. Kg2 d6 36. Bxg6 Qf6 37. Qg4 Bxd5+ 38. Kg1 Ra8 39. Rf1 Qxf1+ 40. Kxf1 Ra1+ 41. Ke2 Ra2+ 42. Ke1 Ra1+ 43. Kd2 Ra2+ 44. Kc1 Ra1+ 45. Kb2 e4+ 46. d4 Ra8 47. Qh5+ Kg8 48. Qxd5+ 1-0

[Event "POL-ch U14"]
[Site "Uniejow"]
[Date "2021.07.22"]
[Round "6"]
[White "Gbiorczyk, Mikolaj1111"]
[Black "Wydmanski, Szymon"]
[Result "1/2-1/2"]
[WhiteElo "1467"]
[BlackElo "1697"]
[PlyCount "72"]
[EventDate "2021.07.18"]
[EventType "swiss"]
[EventRounds "9"]
[EventCountry "POL"]
[SourceTitle "EXT 2022"]
[Source "ChessBase"]
[SourceDate "2021.10.06"]
[SourceVersion "1"]
[SourceVersionDate "2021.10.06"]
[SourceQuality "1"]

1. e4 c5 2. c3 e5 3. Nf3 Nc6 4. Bc4 Nf6 5. Ng5 d5 6. exd5 Nxd5 7. Qf3 Qxg5 8. Bxd5 Qg6 9. Na3 Be7 10. Nc4 Bd7 11. 0-0 0-0 12. Be4 Qf6 13. Qd3 Rad8 14. Bxh7+ Kh8 15. Be4 Bg4 16. Qe3 Qe6 17. d3 b5 18. Nd2 f5 19. Bxc6 Qxc6 20. f4 e4 21. dxe4 c4 22. Kh1 Rd3 23. Qe1 Bc5 24. Nf3 Bxf3 25. Rxf3 Qxe4 26. Rh3+ Rxh3 27. Qxe4 fxe4 28. gxh3 Rd8 29. Kg2 Rd1 30. Be3 Rxa1 31. Bxc5 Kh7 32. a3 Kg6 33. Bxa7 Kf5 34. Be3 Rb1 35. Kg3 Rxb2 36. h4 g6 1/2-1/2

[Event "POL-chT U20"]
[Site "Lublin"]
[Date "2021.07.03"]
[Round "8.4"]
[White "Karwot, Marek"]
[Black "Wydmanski, Szymon"]
[Result "0-1"]
[WhiteElo "1395"]
[BlackElo "1697"]
[PlyCount "58"]
[EventDate "2021.06.26"]
[EventType "team-tourn"]
[EventRounds "9"]
[EventCountry "POL"]
[SourceTitle "CBM 203 Extra"]
[Source "ChessBase"]
[SourceDate "2021.09.30"]
[SourceVersion "1"]
[SourceVersionDate "2021.09.30"]
[SourceQuality "1"]
[WhiteTeam "Rydultowy Ognisko"]
[BlackTeam "Krakow KKSz"]
[WhiteTeamCountry "POL"]
[BlackTeamCountry "POL"]

1. e4 d5 2. exd5 Nf6 3. d4 Nxd5 4. Nf3 Bg4 5. Be2 Nc6 6. h3 Bh5 7. c4 Nb6 8. g4 Bg6 9. a3 e6 10. Nc3 Be7 11. Be3 0-0 12. Ne5 Nxe5 13. dxe5 Nd7 14. Qd4 c5 15. Qf4 Qc7 16. 0-0-0 Nxe5 17. Qg3 Rad8 18. Bf4 h6 19. h4 f6 20. g5 Kh7 21. h5 Bf5 22. Rxd8 Rxd8 23. gxh6 gxh6 24. Rg1 Bd6 25. Nb5 Nd3+ 26. Bxd3 Bxf4+ 27. Kb1 Bxd3+ 28. Qxd3+ Rxd3 29. Nxc7 Bxc7 0-1

[Event "POL-chT U20"]
[Site "Lublin"]
[Date "2021.07.02"]
[Round "7.4"]
[White "Wydmanski, Szymon"]
[Black "Ptaszynski, Szymon"]
[Result "0-1"]
[WhiteElo "1697"]
[BlackElo "1494"]
[PlyCount "84"]
[EventDate "2021.06.26"]
[EventType "team-tourn"]
[EventRounds "9"]
[EventCountry "POL"]
[SourceTitle "CBM 203 Extra"]
[Source "ChessBase"]
[SourceDate "2021.09.30"]
[SourceVersion "1"]
[SourceVersionDate "2021.09.30"]
[SourceQuality "1"]
[WhiteTeam "Krakow KKSz"]
[BlackTeam "Bialystok MUKS Stoczek 45"]
[WhiteTeamCountry "POL"]
[BlackTeamCountry "POL"]

1. e4 c5 2. Nf3 d6 3. d4 cxd4 4. Nxd4 Nf6 5. Nc3 a6 6. Bg5 e6 7. f4 Be7 8. Qf3 Nbd7 9. 0-0-0 Qc7 10. g4 h6 11. Bxf6 Bxf6 12. h4 Qb6 13. Nde2 Nc5 14. Bg2 Bd7 15. g5 Be7 16. g6 fxg6 17. f5 0-0 18. Nf4 gxf5 19. Ng6 Bf6 20. Nxf8 Rxf8 21. exf5 Be5 22. Qg4 exf5 23. Qc4+ Be6 24. Bd5 Bxd5 25. Rxd5 Kh8 26. b3 Qa5 27. Rxe5 dxe5 28. Kb1 Qb6 29. Nd5 Qd6 30. Rd1 Ne4 31. Rd3 Qc5 32. Qa4 Rd8 33. c4 Qg1+ 34. Kc2 Qf2+ 35. Kc1 Qf1+ 36. Rd1 Qxd1+ 37. Kxd1 Nc3+ 38. Kd2 Nxa4 39. bxa4 g5 40. hxg5 hxg5 41. Ke3 Kg7 42. Nc7 Rc8 0-1